Agasajo a los campeones del mundo de hockey sobre patines
Colección:
San Jorge,
; núm. 3 (juliol 1951), pàg. 64
Materias:
Palau de la Generalitat de Catalunya
; Barcelona (Catalunya : Província). -- Diputació
; Hoquei sobre patins -- Espanya
Idioma:
Español
MARC
| LEADER | 00000naa a2200000 a 4500 | ||
|---|---|---|---|
| 003 | Arxiu | ||
| 005 | 20260324181027.0 | ||
| 008 | 160829s1951 spc xx s spa c | ||
| 040 | |a agdb | ||
| 245 | 0 | 0 | |a Agasajo a los campeones del mundo de hockey sobre patines |
| 490 | |a San Jorge, |v núm. 3 (juliol 1951), pàg. 64 | ||
| 610 | 2 | 0 | |a Palau de la Generalitat de Catalunya |9 53043 |
| 610 | 1 | 0 | |a Barcelona (Catalunya : Província). |b Diputació |9 52408 |
| 650 | 0 | |a Hoquei sobre patins |z Espanya |9 30457 | |
| 773 | |t San Jorge |g Núm. 3 (juliol 1951), pàg. 64 | ||
| 901 | |a Arxiu | ||
| 942 | |n 1 |2 udc |c ART | ||
| 952 | |0 0 |1 0 |4 0 |6 REV508 |7 1 |9 64723 |a Arxiu |b Arxiu |d 2022-12-12 |l 0 |o Rev-508 |r 2022-12-12 00:00:00 |w 2022-12-12 |y ARXIU | ||
| 999 | |c 44264 |d 44264 | ||